书目信息 |
| 题名: |
王菲画传
|
|
| 作者: | 黄晓阳 著 | |
| 分册: | ||
| 出版信息: | 北京 中国广播电视出版社 2005.01 |
|
| 页数: | 258页 | |
| 开本: | 23cm | |
| 丛书名: | 俏佳人画报系列 | |
| 单 册: | ||
| 中图分类: | K825.76 | |
| 科图分类: | ||
| 主题词: | 演员--yan yuan--生平事迹--中国--现代 , 人物--传记--中国 | |
| 电子资源: | ||
| ISBN: | 7-5043-4429-X | |
| 000 | 00827nam 2200277 450 | |
| 001 | CAL 012005011101 | |
| 005 | 20050614102143.41 | |
| 010 | @a7-5043-4429-X@dCNY 45.00 | |
| 099 | @aCAL 012005011101 | |
| 100 | @a20050223d2005 km y0chiy0121 ea | |
| 101 | 0 | @achi |
| 102 | @aCN@b110000 | |
| 105 | @aac z 000yb | |
| 200 | 1 | @a王菲画传@AWang Fei Hua Zhuan@f黄晓阳著 |
| 210 | @a北京@c中国广播电视出版社@d2005.01 | |
| 215 | @a258页@c彩图, 肖像@d23cm | |
| 225 | 2 | @a俏佳人画报系列@AQiao Jia Ren Hua Bao Xi Lie |
| 410 | 0 | @12001 @a俏佳人画报系列 |
| 600 | 0 | @a王菲@AWang Fei@x生平事迹@x画传 |
| 606 | 0 | @a演员@Ayan yuan@x生平事迹@y中国@z现代 |
| 606 | 0 | @a人物@x传记@x中国 |
| 690 | @aK825.76@v4 | |
| 701 | 0 | @a黄晓阳@AHuang Xiao Yang@4著 |
| 801 | 0 | @aCN@bSEU@c20050614 |
| 905 | @a10447@dK825.76@eH900 | |
| 998 | @aSEU | |
| 王菲画传/黄晓阳著.-北京:中国广播电视出版社,2005.01 |
| 258页:彩图, 肖像;23cm.-(俏佳人画报系列) |
| ISBN 7-5043-4429-X:CNY 45.00 |
| ● |
| 相关链接 |
|
|
|
正题名:王菲画传
索取号:K825.76/H900
 
预约/预借
| 序号 | 登录号 | 条形码 | 馆藏地/架位号 | 状态 | 备注 |
| 1 | 533322 | 205333227 | 社科库309/ [索取号:K825.76/H900] | 在馆 | |
| 2 | 533323 | 205333236 | 社科库309/309社科库 53排5列6层/ [索取号:K825.76/H900] | 在馆 | |
| 3 | 533324 | 205333245 | 社科库309/ [索取号:K825.76/H900] | 在馆 |